000 00339nam a2200145 i 4500
001 bg
100 1 _aMETJUZ, Dż.
245 0 _aMatematiceskie metody fiziki /
_cDż. Metjuz, R. Uoker.
260 _aMoskwa,
_c1972.
700 1 _aUOKER, R.
040 _cBPK
041 _apol
942 _cKS
008 s pl f |000 0 pol
999 _c14974
_d14974
856 _uhttp://koha.tu.koszalin.pl/cgi-bin/koha/opac-detail.pl?biblionumber=14974
_yKatalog online BPK